| 000 | 00435nam a2200181Ia 4500 | ||
|---|---|---|---|
| 001 | 17418 | ||
| 005 | 20260306171516.0 | ||
| 008 | 260306s9999||||xx |||||||||||||| ||und|| | ||
| 041 | _aESP | ||
| 082 |
_a657.98 _bM86 |
||
| 100 |
_aMoreno Aragoneses, Julio _eAUT |
||
| 245 | 0 | _aGestión de entidades no lucrativas | |
| 260 | _c2007 | ||
| 300 |
_a267 páginas : _ccm. |
||
| 650 | _aGEN | ||
| 654 | _aCCO | ||
| 942 |
_cLIB _dJUS _fJUS _2ddc _n |
||
| 999 |
_c17418 _d17418 |
||